00723nam a2200241Ia 45000010006000000050017000060070003000230080041000260200018000670400025000850410008001100820022001181000017001402450064001572500010002212600033002313000019002646530021002836530014003049420012003189520134003309990017004645373620240114005356.0ta110225s2007 g b000 u 346 u a81-87487-64-X aCotton College,Assam a346 a891.443bDe 49 Ek aDev, Samar . 0aEkti Galper Suluk Sandhaan /cSamar Dev.hTextual Documents aist / aCalcutta :bUbudash ,c2007. a136pg ;c20cm. aNovel in Bengali aG-Bengali 2ddccBK 001040708Circulation(G)aSKBLbSKBLd2012-02-01f00000l0o891.443 De 49 Ekp2475/Bengr2024-01-14 00:00:00t1w2012-02-01yBK c53699d53699